Alanis Morissette singles (Jagged Little Pill and beyond) - Statistics

General Stats
  • This quiz has been taken 132 times
    68 since last reset
  • The average score is 9 of 23
Answer Stats
Hint Answer % Correct
Jagged Little Pill ironic
94%
Jagged Little Pill you oughta know
85%
Jagged Little Pill hand in my pocket
70%
Supposed Former Infatuation Junkie thank u
70%
Jagged Little Pill head over feet
67%
Jagged Little Pill you learn
61%
Jagged Little Pill all I really want
54%
Under Rug Swept hands clean
54%
Such Pretty Forks in the Road reasons i drink
37%
So Called Chaos everything
35%
The Collection crazy
28%
Havoc and Bright Lights guardian
28%
Supposed Former Infatuation Junkie joining you
26%
Supposed Former Infatuation Junkie so pure
26%
Supposed Former Infatuation Junkie unsent
26%
So Called Chaos eight easy steps
22%
Under Rug Swept precious illusions
22%
Flavors of Entanglement not as we
17%
Flavors of Entanglement underneath
13%
Havoc and Bright Lights lens
11%
So Called Chaos out is through
11%
Havoc and Bright Lights receive
9%
Flavors of Entanglement in praise of the vulnerable man
7%
No matching quizzes found
Score Distribution
Percent of People with Each Score
Percentile by Number Answered
Your Score History
You have not taken this quiz since the last reset